01155ngm a2200325 4500003000400000005001700004007000400021008004000025010002000065024002200085035002000107040001300127082001500140245006800155260002100223300005100244440002100295500015200316500003100468538005600499538012500555650001900680700002100699700001600720700002000736700002100756700001800777700001600795700001800811dpl20090312110426.0DVD||||||sp199 xxu|||||c|||| 00| 0 eng d aDVD-001704-1706 aBVI 2003c299.00  aDVD-001704-1706 aDPLcDPL aDVD / BADC aBad CompanycTouchsoft Pictures Presentsh[videorecording] DVD/ bExcel Home Video a2 videodisc VCD; bsd., col. ;c4 3/4 in.fVCD aExcel Home Video aAcademy Award Winner Anthony Hopkins and the irrepressible Chris Rock star in this spy action thriller that will have you on the edge of your seat. aThis DVD is Copy Protected aDolby Digital 5.1-English Subtitles: English,Thai,  aAspect Ratio: 2.35:1, Presentation type: Wide Screen, Presentation Size 16x9 Format DVD 9 Dual Layer Single Sided Disc. aMotion Picture aHopkins, Anthony aRock, Chris aMachat, Gabbiel aThomas, Victoria aNelson, Kathy aBadami, Bob aRabin, Trevor